00494nam a2200133Ia 4500008004100000100001500041245010200056245005200158260005300210260000900263300001200272650001500284856006100299170221s9999 xx 000 0 und d aAbdul Sami aDoes Ethical Leadership Create Public Value? Empirical Evidences from Banking Sector of Pakistan  cAbdul Sami, Ahmad Jusoh, Muhammad Imran Qureshi bInternational Review of Management and Marketing c2016 a15 : 19 xMarketing. uhttp://www.econjournals.com/index.php/irmm/issue/view/77